Football players nations - Statistics

General Stats
  • This quiz has been taken 38 times
  • The average score is 17 of 20
Answers on the Map
Answers color-coded by a green-red scale on the quiz's map according to % correct below.
 
Answer Stats
Player Answer % Correct
Salah Egypt
100%
Firmino Brazil
97%
Nakata Japan
97%
Kompany belgium
94%
Eto'o Cameroon
91%
Luis Diaz colombia
91%
Di Natale Italy
91%
Hakimi morocco
91%
Okocha Nigeria
91%
Palhinha portugal
91%
Calhanoglu Turkey
91%
Mane senegal
88%
Kim Min Jae south korea
88%
Guti Spain
85%
Kewell Australia
82%
Stam Netherlands
82%
Giuly France
79%
Hamm USA
68%
Graeme Souness UK
65%
Abedi Pele Ghana
62%
No matching quizzes found
Score Distribution
Percent of People with Each Score
Percentile by Number Answered
Your Score History
You have not taken this quiz